000 00528nam a2200193Ia 4500
005 20250508150809.0
008 008 250505s9999 xx 000 0 eng d
037 _aTextual
040 _aFEDL
_beng
_cFEDL
041 _aeng
_2eng
084 _a181.4, AUR
_qFEDL
100 _aAurobindo
245 0 _aIdeal of the karmayogin
260 _aCalcutta, India
_bArya Publishing House
_c1945
300 _a65p.
650 _aOriental Philosophy
_9755543
942 _cTEXL
_h181.4, AUR
999 _c1325715
_d1325715